The secret of the seal / (Record no. 1093)

MARC details
000 -LEADER
fixed length control field 01278nam a2200385 4500
001 - CONTROL NUMBER
control field 88039533
005 - DATE AND TIME OF LATEST TRANSACTION
control field 20160815030006.0
008 - FIXED-LENGTH DATA ELEMENTS--GENERAL INFORMATION
fixed length control field 990826c19971989nyua j 00011 eng
010 ## - LIBRARY OF CONGRESS CONTROL NUMBER
LC control number 88039533
020 ## - INTERNATIONAL STANDARD BOOK NUMBER
International Standard Book Number 0679865667
Terms of availability $9.49
035 ## - SYSTEM CONTROL NUMBER
System control number 264821
040 ## - CATALOGING SOURCE
Original cataloging agency DLC
Transcribing agency DLC
050 #4 - LIBRARY OF CONGRESS CALL NUMBER
Classification number PZ7.D28586
Item number Se 1997
082 14 - DEWEY DECIMAL CLASSIFICATION NUMBER
Classification number Fic
092 ## - LOCALLY ASSIGNED DEWEY CALL NUMBER (OCLC)
Classification number F Davis
100 1# - MAIN ENTRY--PERSONAL NAME
Personal name Davis, Deborah.
245 14 - TITLE STATEMENT
Title The secret of the seal /
Statement of responsibility, etc. Deborah Davis ; illustrations by Judy LaBrasca.
250 ## - EDITION STATEMENT
Edition statement 1st Knopf paperback ed.
260 ## - PUBLICATION, DISTRIBUTION, ETC.
Place of publication, distribution, etc. New York :
Name of publisher, distributor, etc. Knopf,
Date of publication, distribution, etc. 1997, c1989.
300 ## - PHYSICAL DESCRIPTION
Extent 57 p. :
Other physical details ill. ;
Dimensions 20 cm.
500 ## - GENERAL NOTE
General note "A Knopf paperback."
510 3# - CITATION/REFERENCES NOTE
Name of source Accelerated Reader
510 3# - CITATION/REFERENCES NOTE
Name of source National Council For Social Studies Notable Children's Trade
520 ## - SUMMARY, ETC.
Summary, etc. Ten-year-old Kyo, an Eskimo boy, faces a difficult moral choice between friendship for a seal and loyalty to his family.
521 0# - TARGET AUDIENCE NOTE
Target audience note 3.0
521 2# - TARGET AUDIENCE NOTE
Target audience note 2-5
650 #0 - SUBJECT ADDED ENTRY--TOPICAL TERM
Topical term or geographic name entry element Eskimos
General subdivision Juvenile fiction.
650 #1 - SUBJECT ADDED ENTRY--TOPICAL TERM
Topical term or geographic name entry element Eskimos
General subdivision Fiction.
650 #1 - SUBJECT ADDED ENTRY--TOPICAL TERM
Topical term or geographic name entry element Indians of North America
General subdivision Fiction.
650 #1 - SUBJECT ADDED ENTRY--TOPICAL TERM
Topical term or geographic name entry element Seals (Animals)
General subdivision Fiction.
650 #7 - SUBJECT ADDED ENTRY--TOPICAL TERM
Topical term or geographic name entry element Inuit
General subdivision Fiction
Source of heading or term sears
650 #7 - SUBJECT ADDED ENTRY--TOPICAL TERM
Topical term or geographic name entry element Indians of North America
General subdivision Fiction
Source of heading or term sears
650 #7 - SUBJECT ADDED ENTRY--TOPICAL TERM
Topical term or geographic name entry element Seals (Animals)
General subdivision Fiction
Source of heading or term sears
700 1# - ADDED ENTRY--PERSONAL NAME
Personal name LaBrasca, Judy,
Relator term ill
Holdings
Withdrawn status Lost status Source of classification or shelving scheme Damaged status Not for loan Collection code Home library Current library Shelving location Date acquired Cost, normal purchase price Total Checkouts Full call number Barcode Date last seen Cost, replacement price Price effective from Koha item type
    Dewey Decimal Classification       Ayers Ayers   10/13/1999 0.00   F DAV 401134 06/16/2019 1.00 08/15/2016 Unknown